Đặc điểm sinh học sinh sản của cá lau kính Pterygoplichthys disjunctivus (Weber, 1991) ở Đồng Bằng Sông Cửu Long : Luận văn Tốt nghiệp Cao học. Chuyên ngành Quản lý nguồn lợi thủy sản
Đề tài nghiên cứu nhằm xác định các đặc điểm sinh học sinh sản của cá lau kính ở đồng bằng sông Cửu Long để có những biện pháp quản lý thích hợp với loài cá này.
Gardado en:
| Autor Principal: | |
|---|---|
| Formato: | Libro |
| Idioma: | Undetermined |
| Publicado: |
Cần Thơ
Trường Đại học Cần Thơ
2014
|
| Những chủ đề: | |
| Các nhãn: |
Engadir etiqueta
Sen Etiquetas, Sexa o primeiro en etiquetar este rexistro!
|
| Thư viện lưu trữ: | Trung tâm Học liệu Trường Đại học Cần Thơ |
|---|
| LEADER | 01158nam a2200217Ia 4500 | ||
|---|---|---|---|
| 001 | CTU_195510 | ||
| 008 | 210402s9999 xx 000 0 und d | ||
| 082 | |a 597.5 | ||
| 082 | |b H561 | ||
| 088 | |a 606278 | ||
| 100 | |a Hồ, Thị Thùy Hương | ||
| 245 | 0 | |a Đặc điểm sinh học sinh sản của cá lau kính Pterygoplichthys disjunctivus (Weber, 1991) ở Đồng Bằng Sông Cửu Long : | |
| 245 | 0 | |b Luận văn Tốt nghiệp Cao học. Chuyên ngành Quản lý nguồn lợi thủy sản | |
| 245 | 0 | |c Hồ Thị Thùy Hương ; Trần Đắc Định (Người hướng dẫn khoa học) | |
| 260 | |a Cần Thơ | ||
| 260 | |b Trường Đại học Cần Thơ | ||
| 260 | |c 2014 | ||
| 520 | |a Đề tài nghiên cứu nhằm xác định các đặc điểm sinh học sinh sản của cá lau kính ở đồng bằng sông Cửu Long để có những biện pháp quản lý thích hợp với loài cá này. | ||
| 650 | |a Cá lau kính,Hypostomus | ||
| 910 | |a Hải | ||
| 980 | |a Trung tâm Học liệu Trường Đại học Cần Thơ | ||